Pharmaceutical Analysis (Record no. 12693)

MARC details
000 -LEADER
fixed length control field 00435nam a22001817a 4500
003 - CONTROL NUMBER IDENTIFIER
control field OSt
008 - FIXED-LENGTH DATA ELEMENTS--GENERAL INFORMATION
fixed length control field 240514b |||||||| |||| 00| 0 eng d
020 ## - INTERNATIONAL STANDARD BOOK NUMBER
International Standard Book Number 9386700573
082 ## - DEWEY DECIMAL CLASSIFICATION NUMBER
Classification number 615.1901 WAT
100 ## - MAIN ENTRY--PERSONAL NAME
Personal name WALODE, Sanjay.G
245 ## - TITLE STATEMENT
Title Pharmaceutical Analysis
250 ## - EDITION STATEMENT
Edition statement 10th
260 ## - PUBLICATION, DISTRIBUTION, ETC. (IMPRINT)
Place of publication, distribution, etc Pune
Name of publisher, distributor, etc Nirali Pub
Date of publication, distribution, etc 2023
300 ## - PHYSICAL DESCRIPTION
Extent 14.8,p-16
650 ## - SUBJECT ADDED ENTRY--TOPICAL TERM
Topical term or geographic name as entry element PHARMACEUTICAL ANALYSIS-I
700 ## - ADDED ENTRY--PERSONAL NAME
Personal name Bushan, Bidya
942 ## - ADDED ENTRY ELEMENTS (KOHA)
Source of classification or shelving scheme Dewey Decimal Classification
Koha item type Text Books
Holdings
Withdrawn status Lost status Source of classification or shelving scheme Damaged status Not for loan Collection code Home library Current library Date acquired Source of acquisition Currency Cost, normal purchase price Bill Number Total Checkouts Full call number Acc. no. / Barcode Date last seen Actual Cost, discounted price Bill Date Koha item type Date last borrowed
    Dewey Decimal Classification     B.Pharma PIET C-LIBRARY PIET C-LIBRARY 10/05/2024 ZAFAA BOOKS RUPEES 450.00 ZBDOO21   615.1901 WAT BP2555 14/05/2024 346.50 06/05/2024 Reference Books  
    Dewey Decimal Classification     B.Pharma PIET C-LIBRARY PIET C-LIBRARY 10/05/2024 ZAFAA BOOKS RUPEES 450.00 ZBDOO21 22 615.1901 WAT BP2556 12/03/2026 346.50 06/05/2024 Text Books 06/03/2026
    Dewey Decimal Classification     B.Pharma PIET C-LIBRARY PIET C-LIBRARY 10/05/2024 ZAFAA BOOKS RUPEES 450.00 ZBDOO21 18 615.1901 WAT BP2557 10/03/2026 346.50 06/05/2024 Text Books 27/02/2026
    Dewey Decimal Classification     B.Pharma PIET C-LIBRARY PIET C-LIBRARY 10/05/2024 ZAFAA BOOKS RUPEES 450.00 ZBDOO21 20 615.1901 WAT BP2558 10/03/2026 346.50 06/05/2024 Text Books 06/03/2026
    Dewey Decimal Classification     B.Pharma PIET C-LIBRARY PIET C-LIBRARY 10/05/2024 ZAFAA BOOKS RUPEES 450.00 ZBDOO21 19 615.1901 WAT BP2559 10/03/2026 346.50 06/05/2024 Text Books 27/02/2026

Design & Developed by: PIET Central Library
R70 Miles Stone Pattikalyana Samalkha Panipat 132102
mail ID :- [email protected], Phone No:- 0180-2569700 Ex.216